000 00786cam a22002531 4500
001 sa 66007061
003 DLC
005 20260227112301.0
008 720823s1966 ii b 000 0 eng
010 _asa 66007061
025 _aPL480:I-E-6448
035 _a(OCoLC)387597
040 _aDLC
_cOClU
_dOCoLC
_dDLC
042 _apremarc
050 0 0 _aDS480.45
_b.B318
082 _a327.54047
100 1 _aBandyopadhyaya, Jayantanuja.
245 1 0 _aIndian nationalism versus international communism;
_brole of ideology in international politics
_c[by] Jayantanuja Bandyopodhyaya.
260 _aCalcutta,
_bFirma K.L. Mukhopadhyay,
_c1966.
300 _aix, 368 p.
_c23 cm.
504 _aBibliography: p. 352-361.
650 0 _aNationalism
_zIndia.
650 0 _aCommunism
_xHistory.
999 _c70899
_d70899